Методика и модели составления расписаний движения городского пассажирского транспорта; Моделирование процессов управления транспортными системами

Bibliographic Details
Parent link:Моделирование процессов управления транспортными системами.— 1977.— С. 163-165
Main Author: Ротарь В. Г. Виктор Григорьевич
Summary:В фонде НТБ ТПУ отсутствует
Language:Russian
Published: 1977
Subjects:
Format: Book Chapter
KOHA link:https://koha.lib.tpu.ru/cgi-bin/koha/opac-detail.pl?biblionumber=600640

MARC

LEADER 00000naa0a2200000 4500
001 600640
005 20250205131225.0
035 |a (RuTPU)RU\TPU\tpu\25177 
035 |a RU\TPU\tpu\25121 
090 |a 600640 
100 |a 20140521d1977 k y0rusy50 ca 
101 0 |a rus 
102 |a RU 
200 1 |a Методика и модели составления расписаний движения городского пассажирского транспорта  |f В. Г. Ротарь 
333 |a В фонде НТБ ТПУ отсутствует 
463 |t Моделирование процессов управления транспортными системами  |o тезисы докладов всесоюзной конференции, [21-23 сентября 1977]  |v С. 163-165  |d 1977 
610 1 |a труды учёных ТПУ 
700 1 |a Ротарь  |b В. Г.  |c специалист в области автоматического управления  |c доцент Томского политехнического университета, кандидат технических наук  |f 1948-  |g Виктор Григорьевич  |3 (RuTPU)RU\TPU\pers\28047 
801 1 |a RU  |b 63413507  |c 20140512 
801 2 |a RU  |b 63413507  |c 20140521  |g RCR 
942 |c BK